U. S. foreign policy : Perspectives and proposals for the 1970s

Na minha lista:
Detalhes bibliográficos
Autor principal: Seabury, Paul
Formato: Livro
Idioma:Undetermined
Publicado em: New York MacGraw- Hill Book Company 1969
Tags: Adicionar Tag
Sem tags, seja o primeiro a adicionar uma tag!
Thư viện lưu trữ: Trung tâm Học liệu Trường Đại học Cần Thơ
LEADER 00495nam a2200181Ia 4500
001 CTU_86902
008 210402s9999 xx 000 0 und d
082 |a 327.73 
082 |b S438 
100 |a Seabury, Paul 
245 0 |a U. S. foreign policy : 
245 0 |b Perspectives and proposals for the 1970s 
245 0 |c Paul Seabury 
260 |a New York 
260 |b MacGraw- Hill Book Company 
260 |c 1969 
904 |i Trúc 
980 |a Trung tâm Học liệu Trường Đại học Cần Thơ